Zgadnij 10 stolic państw europejskich #1 - Statystyki

Ogólne statystyki
  • Ten quiz został rozwiązany 30 razy
  • Średni wynik to 8 z 9
Statystyki odpowiedzi
Wskazówka Odpowiedź % Poprawnych
Grecja Ateny
100%
Dania Kopenhaga
100%
Łotwa Ryga
100%
Polska Warszawa
100%
Litwa Wilno
100%
Holandia Amsterdam
97%
Estonia Tallinn
90%
Liechtenstein Vaduz
80%
Bośnia i Hercegowina Sarajewo
77%
Nie znaleziono quizów pasujących do podanych kryteriów
Rozkład punktacji
Procent ludzi z każdym wynikiem
Percentyl według liczby udzielonych odpowiedzi
Twoja historia wyników
Nie rozwiązałeś tego quizu